Statistical techniques in geographical analysis

Αποθηκεύτηκε σε:
Λεπτομέρειες βιβλιογραφικής εγγραφής
Κύριος συγγραφέας: Shaw, Gareth
Άλλοι συγγραφείς: Wheeler, Dennis
Μορφή: Βιβλίο
Γλώσσα:English
Δημοσίευση: London : David Fulton Publishers, 1998
Έκδοση:2nd ed.
Θέματα:
Ετικέτες: Προσθήκη ετικέτας
Δεν υπάρχουν, Καταχωρήστε ετικέτα πρώτοι!

MARC

LEADER 00000nam a2200000 i 4500
001 1/100094
008 000131s1998 eng d
020 |a 1-85346-229-2 
035 |l 10057144 
040 |a GR-MY-UA  |b gre  |e aacr 
041 0 |a eng 
082 0 |a 910.21 
100 1 |a Shaw, Gareth. 
245 1 0 |a Statistical techniques in geographical analysis /  |c Gareth Shaw, Dennis Wheeler 
250 |a 2nd ed. 
260 |a London :   |b David Fulton Publishers,   |c 1998 
300 |a viii, 359 σ.;  |b εικ., χάρτες;  |c 23 εκ. 
504 |a Περιέχει βιβλιογραφικές παραπομπές και ευρετήριο 
650 0 0 |a Geography  |x Statistical methods. 
700 1 |a Wheeler, Dennis. 
852 |a INST  |b LESVOS  |e 20000131  |h 910.21 SHA  |p 005100021654  |q 005100021654  |t BK  |y 0 
901 |a BIBL1-2000-1 
909 |a Λ  |b 070348 
922 |a 1ΕΛΗ  |b 199911  |c ΚΠΣ/ΤΓ  |d LEADER 
950 |a  118-1998-10-19 
970 |a ΜΟΥΣΤΑΚΑ  |b ΠΗΝΕΛΟΠΗ  |z 2000/02/10